Slovenské elektrárne pripravujú cestu biomase

Biomasa sa stáva najdiskutovanejším obnoviteľným zdrojom energie na svete. Prečo biomasa - prednosti využitia biomasy ako obnoviteľného zdroja energie (OZE). Technický potenciál biomasy. Slovenské elektrárne a využitie biomasy.

Na minha lista:
Detalhes bibliográficos
Formato: Capítulo de Livro
Idioma:eslovaco
Assuntos:
Tags: Adicionar Tag
Sem tags, seja o primeiro a adicionar uma tag!

MARC

LEADER 00000naa$a2200000$$$4500
001 0113456
005 20231011121848.5
041 0 |a slo 
044 |a SK 
245 1 0 |a Slovenské elektrárne pripravujú cestu biomase 
520 |a Biomasa sa stáva najdiskutovanejším obnoviteľným zdrojom energie na svete. Prečo biomasa - prednosti využitia biomasy ako obnoviteľného zdroja energie (OZE). Technický potenciál biomasy. Slovenské elektrárne a využitie biomasy. 
610 2 0 |a zdroje energie obnoviteľné 
610 2 0 |a biomasa 
610 2 0 |a Slovensko 
610 2 0 |a elektrárne 
610 2 0 |a svet